01315nam a2200241Ia 4500001001100000003001000011008004100021040002500062041001300087100003600100245001900136250001100155260006600166300001200232500024000244501011400484520024000598650001800838942000700856957000600863999004200869952016200911L262-28225IT-CnALBA170116s9999||||xx |||||||||||||| ||und|| aIT-CnALBAcIT-CnALBA aITALIANO aDE CHARDIN TEILHARD PIERRE, SJ. 0aIL SACERDOTE.  a1a ed. a BRESCIA, MILANObPAVONIANA TIPOLITOGR. c1965 [1° Ed.:1965] a111 p.  aORIGINE E VOCAZIONE. VITA. SCRITTI. SINTESI DEL PENSIERO. MONITO DEL SANT'UFFICIO. CONCILIO VATICANO II. IL SACERDOTE. CONSACRAZIONE. ADORAZIONE. COMUNIONE. APOSTOLATO. APOSTOLO DI CRISTO NELL'UNIVERSO. PREGHIERA AL CRISTO UNIVERSALE.  aSocietà San Paolo EM - Piazza San Paolo, 14 - 12051 ALBA (CN) (non commercial uses only) ® Copyright 2017 aORIGINE E VOCAZIONE. VITA. SCRITTI. SINTESI DEL PENSIERO. MONITO DEL SANT'UFFICIO. CONCILIO VATICANO II. IL SACERDOTE. CONSACRAZIONE. ADORAZIONE. COMUNIONE. APOSTOLATO. APOSTOLO DI CRISTO NELL'UNIVERSO. PREGHIERA AL CRISTO UNIVERSALE.  aECCLESIOLOGIA cBK 71 a33014bNOg Copie: 1 c287196d287196 0010406L_2622822571aALBAbALBAd2017-01-16l0oL262-28225r2017-01-16 00:00:00w2017-01-16yBKz(data import: 16 gennaio 2017) - By Epidotti, Vaglietti.